| 000 | 005360000a22001810004500 | ||
|---|---|---|---|
| 003 | MACL | ||
| 005 | 20160227164108.0 | ||
| 008 | 160227b xxu||||| |||| 00| 0 eng d | ||
| 040 |
_aMACL _cMACL |
||
| 041 | _aHindi | ||
| 082 | _a800 | ||
| 100 |
_aडॉ रघुवंश _940079 |
||
| 245 | _aकृतिकार लक्ष्मीनारायण लाल | ||
| 260 |
_bलिपि प्रकाशन _c1979 _aनई दिल्ली |
||
| 350 | _a30 | ||
| 650 |
_aLiteracture _939932 |
||
| 942 |
_cHIN _k800 _2ddc |
||
| 999 |
_c26942 _d26942 |
||